Contabilidad de costos (Registro nro. 722)

Detalles MARC
000 -LEADER
fixed length control field 02063 a2200205 4500
001 - CONTROL NUMBER
control field 17266
005 - DATE AND TIME OF LATEST TRANSACTION
control field 20260407155459.0
008 - FIXED-LENGTH DATA ELEMENTS--GENERAL INFORMATION
fixed length control field 260407a1963 arg spa d
003 - CONTROL NUMBER IDENTIFIER
control field AR-UNSa-BCEJYS
040 ## - CATALOGING SOURCE
Original cataloging agency AR-UNSa-BCEJYS
Language of cataloging spa
Transcribing agency AR-UNSa-BCEJYS
080 ## - UNIVERSAL DECIMAL CLASSIFICATION NUMBER
Universal Decimal Classification number 657.47
Common auxiliary subdivision Contabilidad de Costos
100 1# - MAIN ENTRY--PERSONAL NAME
Personal name Neuner, John J.W.
245 10 - TITLE STATEMENT
Title Contabilidad de costos
Name of part/section of a work principios y práctica
264 #1 - PRODUCTION, PUBLICATION, DISTRIBUTION, MANUFACTURE, AND COPYRIGHT NOTICE
Place of production, publication, distribution, manufacture México :
Name of producer, publisher, distributor, manufacturer Unión Tipográfica Editorial Hispano-Americana (UTEHA)
Date of production, publication, distribution, manufacture, or copyright notice 1963
300 ## - PHYSICAL DESCRIPTION
Extent 866 p.
Dimensions 22 cm.
505 ## - FORMATTED CONTENTS NOTE
Formatted contents note 1. Introducción - 2. Terminología fundamental de la contabilidad de costos - 3. Ciclo de la contabilidad de costos - 4. Los asientos de contabilidad y el ciclo de la contabilidad de costos - 5. El registro de cuentas por pagar en la contabilidad de costos - 6. Mayores especiales usados en la contabilidad de costos - 7. Control y contabilidad de los materiales - 8. Registros del inventario de materiales - 9. Contabilidad de la mano de obra en la contabilidad de costos - 10. Sistemas de salarios de fábrica - 11. Gastos de fabricación - 12. Departamentalización de los gastos de fábrica - 13. Resumenes de costos y estados financieros - 14. Costos por procesos - 15. Costos por procesos (terminación) - 16. Procedimientos aplicados de contabilidad de costos por procesos - 17. El control presupuestario y la contabilidad de costos - 18. Procedimientos de contabilidad de costos estimados - 19. Costos estandar - 20. Procedimientos de contabilidad para costos estandar - 21. Informes para la dirección, análisis y control a tráves de la contabilidad de costos - 22. Presentación gráfica de los datos de costos - 23. Costos de no-fabricación - 24. Costos de no-fabricación (Continuación) - 25. Sistema de contabilidad de costos uniforme - 26. Exámen de la contabilidad de costos desde el punto de vista directivo - 27. Ejemplo de costos por ordenes de fabricación - 28. Ejemplo de costos por procesos - 29. Ejemplo de costos estandar
590 ## - LOCAL NOTE (RLIN)
Local note niveau_biblio:m niveau_hierar:0
700 1# - ADDED ENTRY--PERSONAL NAME
Personal name Ortiz R., Teodoro
942 ## - ADDED ENTRY ELEMENTS (KOHA)
Koha item type
Existencias
Withdrawn status Lost status Damaged status Not for loan Home library Current library Shelving location Date acquired Total checkouts Full call number Barcode Date last seen Price effective from Koha item type
        Biblioteca Prof. Eusebio Cleto del Rey Biblioteca Prof. Eusebio Cleto del Rey   07/04/2026   657.47 N494o v.1 L20893 07/04/2026 07/04/2026 Libro